| 000 | 00435nam a2200169 a 4500 | ||
|---|---|---|---|
| 001 | 4427 | ||
| 005 | 20180713184313.0 | ||
| 008 | 140415s1951 mx 000 0 spa d | ||
| 041 | _aspa | ||
| 082 |
_a910 _bHER |
||
| 100 | 1 | _aHERNANDEZ, PORFIRIO | |
| 245 | 1 | 0 | _aRECORRIENDO MEXICO A PIE Y A CABALLO |
| 250 | _a1a ed. | ||
| 260 |
_aMEXICO : _bSTYLO, _c1951 |
||
| 300 | _a654 | ||
| 650 | 1 | 4 |
_aMEXICO _xDESCRIPCION Y VIAJES |
| 999 |
_c4427 _d4427 |
||